[Event "AUT-ch U14"]
[Site "St Veit"]
[Date "2023.06.10"]
[Round "5"]
[White "Raber, Eduard"]
[Black "Gstrein, Matteo"]
[Result "0-1"]
[WhiteElo "1453"]
[BlackElo "1171"]
[PlyCount "76"]
[EventDate "2023.06.08"]
[EventType "swiss"]
[EventRounds "7"]
[EventCountry "AUT"]
[SourceTitle "EXT 2024"]
[Source "ChessBase"]
[SourceDate "2023.10.10"]
[SourceVersion "1"]
[SourceVersionDate "2023.10.10"]
[SourceQuality "1"]

1. d4 d5 2. c4 e6 3. Nc3 Nf6 4. Bg5 Be7 5. Nf3 Nbd7 6. e3 0-0 7. Bd3 h6 8. Bh4 dxc4 9. Bxc4 a6 10. 0-0 b5 11. Bd3 Bb7 12. a3 c5 13. dxc5 Nxc5 14. Be2 Nd5 15. Bxe7 Qxe7 16. Nxd5 Bxd5 17. Nd4 Rac8 18. Bf3 Rfd8 19. Bxd5 Rxd5 20. Qf3 Qd7 21. h3 e5 22. b4 exd4 23. bxc5 d3 24. Rfd1 Rcxc5 25. Ra2 Rc2 26. Raa1 d2 27. Kh2 Qd6+ 28. g3 Rdc5 29. Qe2 R5c3 30. Rab1 Rxa3 31. Qf3 Raa2 32. Qb7 Qf6 33. h4 Qxf2+ 34. Kh3 Qf5+ 35. g4 Qe5 36. Rf1 d1Q 37. Qxf7+ Kh7 38. g5 Rh2# 0-1

[Event "AUT-ch U12"]
[Site "St Veit"]
[Date "2022.04.12"]
[Round "4"]
[White "Aschenbrenner, Philip"]
[Black "Raber, Eduard"]
[Result "0-1"]
[WhiteElo "1406"]
[BlackElo "1322"]
[PlyCount "104"]
[EventDate "2022.04.10"]
[EventType "swiss"]
[EventRounds "7"]
[EventCountry "AUT"]
[SourceTitle "EXT 2023"]
[Source "ChessBase"]
[SourceDate "2022.10.05"]
[SourceVersion "1"]
[SourceVersionDate "2022.10.05"]
[SourceQuality "1"]

1. e4 e5 2. Bc4 Nf6 3. d3 Nc6 4. Nf3 d6 5. c3 Bg4 6. Bb3 Be7 7. 0-0 0-0 8. h3 Bh5 9. Nbd2 d5 10. Qc2 d4 11. Ba4 dxc3 12. bxc3 Bd6 13. Bxc6 bxc6 14. d4 Re8 15. Re1 c5 16. d5 Qd7 17. c4 Rab8 18. Ba3 Rb6 19. Re3 Reb8 20. Qc1 Bxf3 21. Rxf3 Nh5 22. Nb3 Nf4 23. Kf1 h6 24. Bxc5 Rxb3 25. Rxb3 Rxb3 26. axb3 Bxc5 27. Qd2 Qe7 28. Qd1 Bd4 29. Ra4 Qc5 30. Qd2 Qb6 31. Qd1 Bxf2 32. Qf3 Bc5 33. h4 Ng6 34. g3 a5 35. h5 Ne7 36. Kg2 Bb4 37. Ra1 Qd4 38. Rf1 f6 39. Rf2 Bc5 40. Rf1 Nc8 41. Qg4 Nd6 42. Qg6 Qxe4+ 43. Qxe4 Nxe4 44. Ra1 Bb4 45. Ra2 Nc5 46. Rb2 Kf7 47. Kf3 f5 48. g4 e4+ 49. Kg3 f4+ 50. Kg2 f3+ 51. Kg1 e3 52. Kf1 e2+ 0-1

[Event "EU-ch Hybrid U10"]
[Site "Tornelo INT"]
[Date "2021.10.15"]
[Round "5"]
[White "Bocos Delgado, Jon"]
[Black "Raber, Eduard"]
[Result "1-0"]
[WhiteElo "1485"]
[BlackElo "1251"]
[PlyCount "89"]
[EventDate "2021.10.15"]
[EventType "swiss"]
[EventRounds "9"]
[EventCountry "NET"]
[SourceTitle "EXT 2023"]
[Source "ChessBase"]
[SourceDate "2022.10.05"]
[SourceVersion "1"]
[SourceVersionDate "2022.10.05"]
[SourceQuality "1"]
[WhiteTeam "Spain"]
[BlackTeam "Austria"]
[WhiteTeamCountry "ESP"]
[BlackTeamCountry "AUT"]

1. d4 d5 2. c4 c6 3. Nf3 Nf6 4. Nc3 e6 5. e3 Bd6 6. Bd3 0-0 7. 0-0 Nbd7 8. cxd5 exd5 9. Re1 Qc7 10. Bd2 c5 11. Nb5 Qc6 12. dxc5 Nxc5 13. Nfd4 Qd7 14. Bf5 Qe7 15. Bxc8 Raxc8 16. Nf5 Bxh2+ 17. Kxh2 Qe6 18. Nbd4 Qe5+ 19. f4 Qe4 20. Nd6 Qg6 21. Nxc8 Ng4+ 22. Kg1 Qh5 23. Ne7+ Kh8 24. Nf3 Ne4 25. Nf5 Nef2 26. Ng3 Qg6 27. Qe2 Qh6 28. Qxf2 Nxf2 29. Kxf2 Qb6 30. Bc3 Qa6 31. Rh1 Qg6 32. f5 Qa6 33. Ng5 h6 34. Rxh6+ Qxh6 35. Rh1 Qxh1 36. Nxh1 f6 37. Ne6 Rc8 38. Ng3 Kh7 39. Nh5 g6 40. Nxf6+ Kh6 41. g4 gxf5 42. gxf5 b5 43. e4 dxe4 44. Bd2+ e3+ 45. Bxe3# 1-0

[Event "EU Union-ch U10 18th"]
[Site "Mureck"]
[Date "2021.08.07"]
[Round "4"]
[White "Jalving, August"]
[Black "Raber, Eduard"]
[Result "1/2-1/2"]
[WhiteElo "1488"]
[BlackElo "1195"]
[PlyCount "72"]
[EventDate "2021.08.04"]
[EventType "swiss"]
[EventRounds "9"]
[EventCountry "AUT"]
[SourceTitle "EXT 2022"]
[Source "ChessBase"]
[SourceDate "2021.10.06"]
[SourceVersion "1"]
[SourceVersionDate "2021.10.06"]
[SourceQuality "1"]

1. e4 e5 2. Nf3 Nc6 3. d4 exd4 4. Bc4 Be7 5. 0-0 d6 6. Nxd4 Nxd4 7. Qxd4 Nf6 8. Nc3 0-0 9. Bf4 Be6 10. Bxe6 fxe6 11. Rad1 e5 12. Qc4+ Kh8 13. Bg5 Rc8 14. Bxf6 Rxf6 15. Nd5 Rh6 16. Rd3 Bg5 17. f4 exf4 18. Nxf4 Bxf4 19. Rxf4 Rf6 20. Rdf3 Rxf4 21. Rxf4 h6 22. Qf7 Qg5 23. h3 Qc5+ 24. Rf2 Qe5 25. Qf5 Qxf5 26. exf5 Kg8 27. Re2 Kf7 28. Kf2 Re8 29. Rxe8 Kxe8 30. g4 Kf7 31. Kf3 Kf6 32. Kf4 g6 33. fxg6 Kxg6 34. h4 b5 35. b4 Kf6 36. Ke4 c6 1/2-1/2

[Event "AUT-ch U10 Online Rapid"]
[Site "Playchess.com INT"]
[Date "2020.12.13"]
[Round "4"]
[White "Raber, Eduard"]
[Black "Gruenwald, Beat"]
[Result "1-0"]
[WhiteElo "1732"]
[BlackElo "1297"]
[PlyCount "101"]
[EventDate "2020.12.13"]
[EventType "swiss (rapid)"]
[EventRounds "7"]
[EventCountry "AUT"]
[SourceTitle "EXT 2022"]
[Source "ChessBase"]
[SourceDate "2021.10.06"]
[SourceVersion "1"]
[SourceVersionDate "2021.10.06"]
[SourceQuality "1"]

1. e4 e6 2. d4 d5 3. e5 c5 4. c3 Nc6 5. Bb5 Bd7 6. Bxc6 Bxc6 7. Nf3 Qb6 8. 0-0 Ne7 9. Qb3 Qxb3 10. axb3 Nf5 11. Bf4 Be7 12. Nbd2 b6 13. b4 0-0 14. bxc5 bxc5 15. g4 Nh6 16. Bxh6 gxh6 17. Ra6 Bb5 18. Ra5 Bxf1 19. Kxf1 cxd4 20. Nxd4 Rfc8 21. Ke2 Rc5 22. Ra6 Rc7 23. N2b3 Rb7 24. Ra2 Bc5 25. Nxc5 Rc7 26. Na6 Rb7 27. b4 Rb6 28. b5 Rc8 29. Nc6 Kf8 30. Kd2 Rxb5 31. Nxa7 Rbc5 32. Nxc5 Rxc5 33. Ra6 Rc7 34. Nc6 Kg7 35. Nd4 Rb7 36. Kc2 Rc7 37. Rxe6 Rxc3+ 38. Kxc3 fxe6 39. Nxe6+ Kf7 40. Nf4 Ke7 41. Kd4 Kf7 42. Kxd5 Ke7 43. e6 h5 44. Nxh5 h6 45. f4 Kf8 46. Kd6 Ke8 47. e7 Kf7 48. Kd7 Kg8 49. e8Q+ Kh7 50. Qf7+ Kh8 51. Qg7# 1-0

[Event "AUT-ch U10 Online Rapid"]
[Site "Playchess.com INT"]
[Date "2020.12.13"]
[Round "2"]
[White "Raber, Eduard"]
[Black "Matthias, Liam"]
[Result "1/2-1/2"]
[WhiteElo "1761"]
[BlackElo "1629"]
[PlyCount "116"]
[EventDate "2020.12.13"]
[EventType "swiss (rapid)"]
[EventRounds "7"]
[EventCountry "AUT"]
[SourceTitle "EXT 2022"]
[Source "ChessBase"]
[SourceDate "2021.10.06"]
[SourceVersion "1"]
[SourceVersionDate "2021.10.06"]
[SourceQuality "1"]

1. e4 c6 2. d4 d5 3. exd5 cxd5 4. c4 Nf6 5. Nc3 Nc6 6. Nf3 e6 7. Bg5 Be7 8. Be2 0-0 9. 0-0 h6 10. Bxf6 Bxf6 11. cxd5 exd5 12. Bb5 Bg4 13. h3 Bh5 14. Bxc6 bxc6 15. Qd3 Re8 16. Rfe1 Qd6 17. Rad1 Bg6 18. Qd2 Rad8 19. Re2 Re7 20. Rde1 Rde8 21. a3 a6 22. b4 a5 23. Na4 axb4 24. axb4 Rxe2 25. Rxe2 Rxe2 26. Qxe2 Qxb4 27. Nc5 Bh5 28. Qe8+ Kh7 29. Qxc6 Bxf3 30. gxf3 Bxd4 31. Nd3 Qc3 32. Qxc3 Bxc3 33. Kf1 Kg6 34. Ke2 d4 35. Nf4+ Kf5 36. Nd5 g5 37. Kd3 h5 38. Ke2 g4 39. fxg4+ hxg4 40. hxg4+ Kxg4 41. f3+ Kg3 42. f4 f5 43. Kd3 Kf3 44. Kc2 Ke4 45. Ne7 Kxf4 46. Kd1 Ke4 47. Ng6 f4 48. Nh4 f3 49. Ng6 f2 50. Ke2 d3+ 51. Kxf2 d2 52. Ke2 Kd4 53. Kd1 Ke3 54. Nh4 Bf6 55. Ng2+ Kd3 56. Ne1+ Kc3 57. Nf3 Kd3 58. Nxd2 Bg5 1/2-1/2

[Event "AUT-chT District U18 Online Rapid"]
[Site "Playchess.com INT"]
[Date "2020.12.12"]
[Round "6"]
[White "Raber, Eduard"]
[Black "Pilshofer, Paul"]
[Result "0-1"]
[WhiteElo "1741"]
[BlackElo "1922"]
[PlyCount "114"]
[EventDate "2020.12.12"]
[EventType "team-swiss (rapid)"]
[EventRounds "9"]
[EventCountry "AUT"]
[SourceTitle "EXT 2022"]
[Source "ChessBase"]
[SourceDate "2021.10.06"]
[SourceVersion "1"]
[SourceVersionDate "2021.10.06"]
[SourceQuality "1"]

1. e4 e5 2. Nf3 Nc6 3. Bc4 Bc5 4. 0-0 d6 5. Nc3 Nf6 6. d3 h6 7. Be3 Bg4 8. Bxc5 dxc5 9. Bb5 Qd6 10. Bxc6+ Qxc6 11. h3 Bxf3 12. Qxf3 0-0 13. Rad1 Rad8 14. Qf5 Rfe8 15. Rfe1 g6 16. Qf3 Kg7 17. Ne2 c4 18. dxc4 Qxc4 19. Nc3 Qb4 20. b3 Rd4 21. Rxd4 exd4 22. Rd1 Qxc3 23. Rd3 Qe1+ 24. Kh2 Qxe4 25. Qg3 Qe5 26. Qxe5 Rxe5 27. Rxd4 Re2 28. Rc4 c6 29. Rb4 Rxc2 30. Rxb7 Rxa2 31. Rc7 Rb2 32. Rxa7 Rxb3 33. Rc7 Rc3 34. f3 c5 35. Kg3 c4 36. Kf2 Rc2+ 37. Kf1 c3 38. g4 Rc1+ 39. Ke2 Nd5 40. Rc5 Nf4+ 41. Ke3 Nxh3 42. Kd4 Ng1 43. f4 Nf3+ 44. Kd3 c2 45. Rxc2 Ne1+ 46. Kd2 Rxc2+ 47. Kxe1 Kf6 48. g5+ hxg5 49. fxg5+ Ke5 50. Kd1 Rh2 51. Ke1 Ke4 52. Kf1 Ke3 53. Kg1 Ra2 54. Kf1 Rb2 55. Kg1 Kf3 56. Kh1 Kg3 57. Kg1 Rb1# 0-1

[Event "AUT-ch U10 Online Blitz"]
[Site "Playchess.com INT"]
[Date "2020.12.11"]
[Round "4"]
[White "Geworgyan, Derenick"]
[Black "Raber, Eduard"]
[Result "0-1"]
[WhiteElo "1620"]
[BlackElo "1644"]
[PlyCount "72"]
[EventDate "2020.12.11"]
[EventType "swiss (blitz)"]
[EventRounds "7"]
[EventCountry "AUT"]
[SourceTitle "EXT 2022"]
[Source "ChessBase"]
[SourceDate "2021.10.06"]
[SourceVersion "1"]
[SourceVersionDate "2021.10.06"]
[SourceQuality "1"]

1. e4 e5 2. Nf3 Nf6 3. Nxe5 d6 4. Nf3 Nxe4 5. Qe2 Qe7 6. d3 Nf6 7. Qxe7+ Bxe7 8. Bg5 Be6 9. Bxf6 Nc6 10. Nc3 Bxf6 11. Be2 0-0 12. 0-0 Nb4 13. Rac1 Bxc3 14. bxc3 Nxa2 15. Rb1 Nxc3 16. Rbe1 Rfe8 17. Nd4 Bd5 18. Bf3 Bxf3 19. Rxe8+ Rxe8 20. Nxf3 a5 21. Ra1 a4 22. Ra3 Ne2+ 23. Kf1 Nf4 24. Kg1 b5 25. c4 c6 26. cxb5 cxb5 27. d4 d5 28. Ra2 Ne2+ 29. Kf1 Nc3 30. Rb2 a3 31. Rb3 a2 32. Ra3 b4 33. Ra5 b3 34. Nd2 b2 35. Ra3 b1Q+ 36. Nxb1 axb1R# 0-1

[Event "AUT-ch U10 Online Blitz"]
[Site "Playchess.com INT"]
[Date "2020.12.11"]
[Round "2"]
[White "Matthias, Liam"]
[Black "Raber, Eduard"]
[Result "0-1"]
[WhiteElo "1582"]
[BlackElo "1627"]
[PlyCount "112"]
[EventDate "2020.12.11"]
[EventType "swiss (blitz)"]
[EventRounds "7"]
[EventCountry "AUT"]
[SourceTitle "EXT 2022"]
[Source "ChessBase"]
[SourceDate "2021.10.06"]
[SourceVersion "1"]
[SourceVersionDate "2021.10.06"]
[SourceQuality "1"]

1. e4 e5 2. Nf3 Nc6 3. Bc4 Bc5 4. c3 d6 5. d4 exd4 6. cxd4 Bb4+ 7. Nc3 Bxc3+ 8. bxc3 Bg4 9. 0-0 Nf6 10. Re1 0-0 11. h3 Bh5 12. Bg5 h6 13. Bh4 Re8 14. d5 Bg6 15. dxc6 bxc6 16. Bxf6 Qxf6 17. Qd3 d5 18. Bb3 dxe4 19. Qe3 exf3 20. Qxe8+ Rxe8 21. Rxe8+ Kh7 22. Rae1 fxg2 23. Rf8 Bf5 24. Rxf7 Qxc3 25. Ree7 Bxh3 26. Rxg7+ Qxg7 27. Rxg7+ Kxg7 28. Bc2 Kf6 29. Be4 Ke5 30. Bxg2 Bxg2 31. Kxg2 Kf4 32. f3 h5 33. Kf2 h4 34. Kg2 h3+ 35. Kf2 h2 36. Kg2 h1Q+ 37. Kxh1 Kxf3 38. Kg1 Ke2 39. Kg2 c5 40. Kg3 c4 41. Kf4 c3 42. Ke4 c2 43. Kd4 c1Q 44. Kd5 Qc3 45. Ke4 Qc4+ 46. Ke5 Kf3 47. Kf5 Qc5+ 48. Ke6 Kf4 49. Kf6 Qd6+ 50. Kf7 Kf5 51. Kg7 Kg5 52. Kf7 a5 53. a4 c5 54. Kg7 Qd7+ 55. Kh8 Kg6 56. Kg8 Qd8# 0-1

[Event "AUT-ch U08"]
[Site "St Kanzian"]
[Date "2019.06.22"]
[Round "4"]
[White "Raber, Eduard"]
[Black "Wallinger, Nikolaus"]
[Result "1-0"]
[WhiteElo "1292"]
[BlackElo "1083"]
[PlyCount "73"]
[EventDate "2019.06.21"]
[EventType "swiss"]
[EventRounds "7"]
[EventCountry "AUT"]
[SourceTitle "CBM 191 Extra"]
[Source "ChessBase"]
[SourceDate "2019.09.30"]
[SourceVersion "1"]
[SourceVersionDate "2019.09.30"]
[SourceQuality "1"]

1. Nf3 Nf6 2. Nc3 Nc6 3. e4 e5 4. d3 h6 5. Be3 d6 6. Be2 Bg4 7. 0-0 Be7 8. d4 0-0 9. d5 Nb8 10. Nd2 Bxe2 11. Qxe2 Nbd7 12. Qf3 Kh8 13. b4 c5 14. bxc5 Nxc5 15. Bxc5 dxc5 16. Nc4 Rb8 17. Nxe5 Bd6 18. Nd3 c4 19. Nb2 Qc7 20. h3 Be5 21. Rfd1 Qa5 22. Nca4 b5 23. Qf5 Rbe8 24. f4 c3 25. fxe5 bxa4 26. Nd3 Nh7 27. a3 Qb6+ 28. Qf2 f5 29. Qxb6 axb6 30. exf5 Rxf5 31. d6 Nf8 32. Rab1 Nd7 33. Rf1 Rg5 34. Rbe1 Nf8 35. Kh1 Re6 36. Rxf8+ Kh7 37. d7 1-0

[Event "AUT-ch U08"]
[Site "St Kanzian"]
[Date "2019.06.21"]
[Round "2"]
[White "Raber, Eduard"]
[Black "Isop, Florian Xenon"]
[Result "1-0"]
[WhiteElo "1292"]
[BlackElo "917"]
[PlyCount "59"]
[EventDate "2019.06.21"]
[EventType "swiss"]
[EventRounds "7"]
[EventCountry "AUT"]
[SourceTitle "CBM 191 Extra"]
[Source "ChessBase"]
[SourceDate "2019.09.30"]
[SourceVersion "1"]
[SourceVersionDate "2019.09.30"]
[SourceQuality "1"]

1. Nf3 e5 2. Nxe5 Bc5 3. d4 Bd6 4. Nf3 Nf6 5. Bg5 Nc6 6. d5 Ne5 7. e4 Nxf3+ 8. Qxf3 Be5 9. c3 0-0 10. Bd3 d6 11. 0-0 Bd7 12. Nd2 Qe7 13. Bxf6 Qxf6 14. Qxf6 gxf6 15. Nf3 Bg4 16. Be2 Bxf3 17. Bxf3 Rfe8 18. Rac1 Rab8 19. b4 c5 20. a3 Ra8 21. bxc5 dxc5 22. Rb1 b6 23. c4 Bc7 24. e5 f5 25. d6 Bd8 26. Bxa8 Rxe5 27. Rfe1 Rxe1+ 28. Rxe1 Kf8 29. d7 h6 30. Re8+ 1-0

[Event "AUT-ch U08"]
[Site "St Kanzian"]
[Date "2018.06.02"]
[Round "4.4"]
[White "Raber, Eduard"]
[Black "Depaoli Hauser, Noel Elijah"]
[Result "0-1"]
[WhiteElo "963"]
[BlackElo "876"]
[PlyCount "52"]
[EventDate "2018.06.01"]
[EventType "swiss"]
[EventRounds "7"]
[EventCountry "AUT"]
[SourceTitle "EXT 2024"]
[Source "ChessBase"]
[SourceDate "2023.10.10"]
[SourceVersion "1"]
[SourceVersionDate "2023.10.10"]
[SourceQuality "1"]

1. Nf3 d5 2. d4 Bf5 3. Bf4 e6 4. e3 Bd6 5. Bxd6 cxd6 6. Bb5+ Nc6 7. 0-0 Qb6 8. a4 a6 9. Bxc6+ bxc6 10. b3 Nf6 11. Nbd2 0-0 12. Rb1 Qb4 13. c4 Bxb1 14. Qxb1 dxc4 15. Nxc4 Ne4 16. Qxe4 d5 17. Qc2 dxc4 18. Ng5 g6 19. bxc4 Qe7 20. Ne4 Qh4 21. Rb1 Rab8 22. Ra1 Rb7 23. Nc5 Rb4 24. Qc3 Rfb8 25. Qc2 Rb2 26. Qd3 Qxf2+ 0-1